000
00357nam a2200145Ia 4500
008
160319s9999 xx 000 0 und d
020
_a
9711303337
050
_b
M357i 2001
100
_a
Marquez, Servillano T.
245
_a
Ibong Adarna :
245
_b
Sanayang aklat /
260
_b
J.C Palabay Enterprises
260
_c
2001
300
_a
232 pages :
999
_c
292304
_d
292304